Normal view
MARC view
- فهمي، محمد سيد
Entry Personal Name
001 - CONTROL NUMBER
- control field: 18388
003 - CONTROL NUMBER IDENTIFIER
- control field: JO-AjAnu
005 - DATE AND TIME OF LATEST TRANSACTION
- control field: 20230606073229.0
008 - FIXED-LENGTH DATA ELEMENTS
- fixed length control field: 230606|| aca||aabn | a|a d
040 ## - CATALOGING SOURCE
- Original cataloging agency: JO-AjAnu
- Transcribing agency: JO-AjAnu
100 ## - HEADING--PERSONAL NAME
- Personal name: فهمي، محمد سيد
670 ## - SOURCE DATA FOUND
- Source citation: Work cat.: (JO-AjAnu)9439: فهمي، محمد سيد, author, مدخل الى الرعاية الاجتماعية من منظور اسلامي